[Event "FIDE Online Olympiad"]
[Site "Chess.com"]
[Date "2020.07.26"]
[EventDate "2020.07.25"]
[Round "6"]
[Result "0-1"]
[White "Al-Khelaifi, Aisha"]
[Black "Maya Jalloul"]
[WhiteElo "1678"]
[BlackElo "1876"]
[PlyCount "90"]

1. e4 c5 2. Nf3 d6 3. Bb5+ Bd7 4. Bxd7+ Qxd7 5. h3 Nf6 6. d3 g6 7. O-O Bg7 8.
Nc3 Nc6 9. Be3 O-O 10. Qd2 Ne8 11. Bh6 Nc7 12. Bxg7 Kxg7 13. Rad1 Ne6 14. Ne2
Ned4 15. Nfxd4 cxd4 16. f4 f5 17. Ng3 e6 18. a3 Kh8 19. b4 a6 20. Rde1 Rae8 21.
Qe2 Qg7 22. exf5 gxf5 23. Qf3 Rg8 24. Kh2 Qh6 25. Qh5 Qf6 26. Rf2 Re7 27. Rfe2
Nd8 28. Nxf5 Rc7 29. Nxd6 Qxf4+ 30. Kh1 Qxd6 31. Qh4 Rcg7 32. Qf6 Rf8 33. Qh6
Qg3 34. Qh5 Nc6 35. Qc5 Rfg8 36. Rg1 e5 37. Qd5 Qh4 38. Qf3 Rg3 39. Qf2 Qg5 40.
Re4 Ne7 41. Re2 Ng6 42. Rf1 Nf4 43. Rd2 Rxg2 44. Qxg2 Nxg2 45. Rg1 Qxd2  0-1

[Event "FIDE Online Olympiad"]
[Site "Chess.com"]
[Date "2020.07.26"]
[EventDate "2020.07.25"]
[Round "6"]
[Result "0-1"]
[White "Al-Qassabi, Layan Mansour"]
[Black "Nour Assoum"]
[WhiteElo "1167"]
[BlackElo "1400"]
[PlyCount "72"]

1. e4 e5 2. Bc4 Nf6 3. d3 h6 4. Nf3 Nc6 5. O-O Bc5 6. c3 d6 7. h3 a6 8. Bb3 Qe7
9. Nbd2 Be6 10. Bc2 d5 11. Re1 dxe4 12. dxe4 O-O 13. Nf1 Rad8 14. Qe2 Nh5 15.
Ne3 Nf4 16. Qf1 b5 17. Bd2 Bxe3 18. Bxe3 Bc4 19. Re2 Bxe2 20. Qe1 Bxf3 21. Bxf4
exf4 22. gxf3 Qh4 23. Kh2 Ne5 24. Qe2 Rd2 25. Qxd2 Nxf3+ 26. Kg2 Nxd2 27. Rd1
Qg5+ 28. Kh2 f3 29. Rg1 Qf4+ 30. Kh1 Nxe4 31. Rg4 Nxf2+ 32. Kg1 Nxg4 33. hxg4
Qg3+ 34. Kf1 Re8 35. Be4 Rxe4 36. g5 Qg2#  0-1

[Event "FIDE Online Olympiad"]
[Site "Chess.com"]
[Date "2020.07.26"]
[EventDate "2020.07.25"]
[Round "4"]
[Result "0-1"]
[White "Octavio Croes"]
[Black "Paris Klerides"]
[WhiteElo "1801"]
[BlackElo "2175"]
[PlyCount "76"]

1. d4 Nf6 2. c4 e6 3. Nf3 c5 4. Nc3 a6 5. g3 b6 6. Bg2 Bb7
7. O-O cxd4 8. Nxd4 Bxg2 9. Kxg2 Qc7 10. Qd3 d6 11. e4 Nbd7
12. b3 Rc8 13. Bb2 Be7 14. Rac1 O-O 15. Rfd1 Qb7 16. Qe2 Rfe8
17. Kg1 Nc5 18. f3 g6 19. h4 Nh5 20. Kh2 Qc7 21. Rg1 Qd8
22. Qf2 Nd3 23. Qe3 Nxc1 24. Bxc1 Bf6 25. Nce2 b5 26. g4 Be5+
27. f4 Qxh4+ 28. Qh3 Qxh3+ 29. Kxh3 Bxd4 30. gxh5 Bxg1
31. Nxg1 bxc4 32. hxg6 hxg6 33. bxc4 Rxc4 34. Bb2 Rxe4 35. Kg3
Rb8 36. Kf3 Ra4 37. Bf6 Rxa2 38. Kg4 Rg2+ 0-1

[Event "FIDE Online Olympiad"]
[Site "Chess.com"]
[Date "2020.07.26"]
[EventDate "2020.07.25"]
[Round "4"]
[Result "0-1"]
[White "Aimara Ballestero"]
[Black "Larisa Sokolova"]
[WhiteElo "1224"]
[BlackElo "1706"]
[PlyCount "76"]

1. d4 Nf6 2. Nf3 d5 3. Bf4 c5 4. c3 cxd4 5. cxd4 Nc6 6. e3 Bf5
7. Bd3 Bxd3 8. Qxd3 e6 9. O-O Be7 10. Nbd2 O-O 11. Ne5 Nb4
12. Qc3 Rc8 13. Qb3 Nd7 14. Nxd7 Qxd7 15. Rac1 f6 16. a3 Nc6
17. Nf3 Na5 18. Qd3 Nc4 19. Qe2 Rc6 20. Rc2 Rfc8 21. Rfc1 b5
22. e4 a6 23. e5 f5 24. Bg5 Bxg5 25. Nxg5 h6 26. Nf3 R8c7
27. Nd2 Nxd2 28. Qxd2 Qc8 29. Rxc6 Rxc6 30. Rxc6 Qxc6 31. Qc3
Qxc3 32. bxc3 a5 33. f4 g5 34. g3 Kg7 35. Kf2 Kg6 36. h3 h5
37. g4 fxg4 38. Kg3 Kf5 0-1

[Event "FIDE Online Olympiad"]
[Site "Chess.com"]
[Date "2020.07.26"]
[EventDate "2020.07.25"]
[Round "5"]
[Result "0-1"]
[White "Hussien Asabri"]
[Black "Konstantinos Michaelides"]
[WhiteElo "2218"]
[BlackElo "1996"]
[PlyCount "130"]

1. d4 Nf6 2. Nf3 e6 3. Bg5 Be7 4. Nbd2 d5 5. e3 O-O 6. Bd3 h6
7. Bh4 b6 8. O-O Bb7 9. Ne5 Nbd7 10. f4 Ne4 11. Bxe7 Qxe7
12. Ndf3 c5 13. c3 Rfd8 14. Qe2 Rac8 15. Rae1 Ndf6 16. g4 Ne8
17. Qg2 N8d6 18. Qh3 f6 19. Ng6 Qe8 20. f5 Bc6 21. Nfh4 exf5
22. gxf5 Rd7 23. Qg2 Bb5 24. Bxb5 Nxb5 25. Nf4 Qf7 26. Kh1 Re8
27. Rg1 Ng5 28. Nf3 Nxf3 29. Qxf3 cxd4 30. Ne6 Rxe6 31. fxe6
Qxe6 32. exd4 Qf7 33. Qf5 Nd6 34. Qf4 Ne4 35. Rg2 Kh7 36. Reg1
Qe6 37. Qf3 Re7 38. Qf4 Ng5 39. Qg3 Qe4 40. h4 Ne6 41. Re1 Qf5
42. Qg4 Qxg4 43. Rxg4 Kg8 44. Rg2 Kf7 45. Rge2 g6 46. c4 Re8
47. cxd5 Ng7 48. Rxe8 Nxe8 49. Re6 Nc7 50. Rd6 Ke7 51. Rc6
Nxd5 52. Rc8 g5 53. Rh8 Kf7 54. hxg5 hxg5 55. Rh7+ Kg6
56. Rxa7 Kf5 57. a4 Ke4 58. Rg7 Kxd4 59. Kg2 Ke4 60. Kf2 Nf4
61. Re7+ Kf5 62. Rb7 Nd3+ 63. Kg3 Nxb2 64. a5 Nc4 65. axb6 Ke4
0-1

[Event "FIDE Online Olympiad"]
[Site "Chess.com"]
[Date "2020.07.26"]
[EventDate "2020.07.25"]
[Round "5"]
[Result "0-1"]
[White "Jude Mirvens Guillaume"]
[Black "Sixtus Gabriel"]
[WhiteElo "2022"]
[BlackElo "1888"]
[PlyCount "86"]

1. d4 g6 2. Bf4 Bg7 3. e3 d6 4. h4 Nf6 5. Bd3 Nc6 6. c3 h5
7. Nf3 Bg4 8. Nbd2 e5 9. Bg5 O-O 10. Qc2 Qe8 11. Bxf6 Bxf6
12. O-O-O exd4 13. exd4 Qd7 14. Rde1 Rae8 15. Qb3 Rxe1+
16. Rxe1 Kg7 17. Bb5 Qd8 18. g3 Qc8 19. Re3 Ne7 20. Ne4 Nf5
21. Rd3 c6 22. Nxf6 Kxf6 23. Ng5 Be2 24. Rd2 Bxb5 25. c4 Ba6
26. Nh7+ Kg7 27. Nxf8 Qxf8 28. Qc3 Qe7 29. b3 Qe1+ 30. Kb2 d5
31. Kc2 Nd6 32. f3 dxc4 33. d5+ Kg8 34. dxc6 Nb5 35. Qf6 Na3+
36. Kb2 Qxd2+ 37. Kxa3 b5 38. bxc4 Qa5+ 39. Kb2 Qb4+ 40. Ka1
Qxc4 41. a3 b4 42. axb4 Qc1+ 43. Ka2 Bc4# 0-1

[Event "FIDE Online Olympiad"]
[Site "Chess.com"]
[Date "2020.07.26"]
[EventDate "2020.07.25"]
[Round "5"]
[Result "0-1"]
[White "Dien Thomas"]
[Black "Kemly Germinal"]
[WhiteElo "1821"]
[BlackElo "1997"]
[PlyCount "128"]

1. f4 d5 2. Nf3 Nc6 3. e3 Nf6 4. Bb5 Bg4 5. Bxc6+ bxc6 6. b3
g6 7. Ba3 Bg7 8. O-O O-O 9. Qe1 Re8 10. Ne5 Bd7 11. d4 Ne4
12. Nd2 Nxd2 13. Qxd2 f6 14. Nxd7 Qxd7 15. Rad1 e5 16. fxe5
fxe5 17. c3 exd4 18. exd4 Re4 19. Bc5 Rae8 20. Rde1 Bh6
21. Qd1 Qe6 22. Rxe4 Qxe4 23. Qf3 Qxf3 24. Rxf3 Re2 25. a3 Rb2
26. Bxa7 Rxb3 27. Bc5 Bd2 28. Bb4 Kg7 29. h3 h5 30. g3 Rb2
31. a4 Ra2 32. a5 g5 33. Rf8 Bxc3 34. Rb8 Bxd4+ 35. Kf1 c5
36. Be1 Ra1 37. Ke2 Ra2+ 38. Kd3 Ra3+ 39. Kc2 c4 40. Rb7 Ra2+
41. Kd1 Be5 42. g4 hxg4 43. hxg4 d4 44. Bb4 c3 45. Rb5 Kf6
46. Rc5 Ra4 47. Rc6+ Kf7 48. Rc5 Rxb4 49. Rxe5 d3 50. Ke1 Rb1+
51. Kf2 c2 52. Rf5+ Kg6 53. Rc5 c1=Q 54. Rxc1 Rxc1 55. Ke3 Rc3
56. a6 Ra3 57. a7 c5 58. Kd2 c4 59. a8=Q Rxa8 60. Kc3 Rd8
61. Kd2 c3+ 62. Kxc3 d2 63. Kb3 d1=Q+ 64. Kb2 Rc8 0-1

[Event "FIDE Online Olympiad"]
[Site "Chess.com"]
[Date "2020.07.26"]
[EventDate "2020.07.25"]
[Round "6"]
[Result "0-1"]
[White "Sidi Boidiya"]
[Black "Peter van den Brink"]
[WhiteElo "2065"]
[BlackElo "2180"]
[PlyCount "124"]

1. e4 c5 2. Nf3 d6 3. Bb5+ Bd7 4. Bxd7+ Qxd7 5. O-O Nc6 6. c3
g6 7. d4 cxd4 8. cxd4 Bg7 9. Nc3 Nf6 10. Re1 O-O 11. Bf4 Rac8
12. Qd2 Rfd8 13. Rad1 Na5 14. Qe2 a6 15. e5 Nh5 16. Bc1 d5
17. Ng5 f5 18. h3 Bf8 19. Nf7 Re8 20. e6 Qc6 21. Qe5 Nf6
22. Bg5 Nc4 23. Qg3 Nxb2 24. Rc1 Nc4 25. Ne2 Ne4 26. Qh4 Qxe6
27. Nh6+ Bxh6 28. Bxh6 Qf6 29. Qxf6 Nxf6 30. Nf4 Kf7 31. Ne6
Ne4 32. Nf4 e6 33. f3 Ned6 34. Nd3 b6 35. Bf4 Kg7 36. Ne5 h6
37. h4 Nf7 38. Nd3 g5 39. hxg5 hxg5 40. Bg3 Kf6 41. f4 Rg8
42. Re2 Rce8 43. Rce1 Ncd6 44. fxg5+ Rxg5 45. Bh4 Ne4 46. Ne5
Reg8 47. Nf3 Kg6 48. Nxg5 Nfxg5 49. Bxg5 Kxg5 50. Rb1 Nc3
51. Reb2 Nxb1 52. Rxb1 b5 53. Kf2 Kf4 54. a4 Rb8 55. a5 Ke4
56. Rb4 Kd3 57. Kf3 Kc3 58. Rb1 Kxd4 59. Kf4 b4 60. Rd1+ Kc3
61. Ke5 b3 62. Kxe6 d4 0-1

[Event "FIDE Online Olympiad"]
[Site "Chess.com"]
[Date "2020.07.27"]
[EventDate "2020.07.25"]
[Round "7"]
[Result "0-1"]
[White "Rogelio L Orio"]
[Black "Amin Al Ansi"]
[WhiteElo "1790"]
[BlackElo "1887"]
[PlyCount "108"]

1. d4 Nf6 2. Bf4 d5 3. e3 e6 4. Bd3 Bd6 5. Bg3 c5 6. c3 Qc7
7. Nf3 Nbd7 8. Ne5 Nxe5 9. dxe5 Bxe5 10. f4 Bd6 11. Nd2 O-O
12. Qe2 c4 13. Bc2 b5 14. a3 a5 15. Bh4 Be7 16. Bf2 b4 17. g4
bxc3 18. bxc3 Bb7 19. g5 Ne4 20. Nxe4 dxe4 21. h4 Rab8 22. h5
Bc5 23. Qxc4 Bd5 24. Qe2 Rb2 25. Qd1 Ba7 26. O-O Qxc3 27. Rc1
Bxe3 28. Bxe3 Qxe3+ 29. Kh2 Bb3 30. h6 Rc8 31. Kh1 Qh3+
32. Kg1 Rbxc2 33. Rxc2 Bxc2 34. Qd4 gxh6 35. gxh6 Qxh6 36. Rf2
e3 37. Rg2+ Bg6 38. Qxe3 Qh5 39. Qd2 Qd5 40. Qe1 Rd8 41. Kh2
Qh5+ 42. Kg3 Rd3+ 43. Kf2 Qf3+ 44. Kg1 Rd1 45. Qxd1 Qxd1+
46. Kh2 Qf3 47. Kg1 Qxf4 48. Rf2 Qe3 49. Kf1 h5 50. Kg2 h4
51. Kg1 h3 52. a4 h2+ 53. Kg2 Qxf2+ 54. Kxf2 h1=Q 0-1

[Event "FIDE Online Olympiad"]
[Site "Chess.com"]
[Date "2020.07.27"]
[EventDate "2020.07.25"]
[Round "7"]
[Result "0-1"]
[White "Ruth Nacario"]
[Black "Alanoud Al Ghafri"]
[WhiteElo "1552"]
[BlackElo "1293"]
[PlyCount "90"]

1. e4 e5 2. Nf3 Nc6 3. d4 exd4 4. Nxd4 Bc5 5. Be3 Qf6 6. c3
Nge7 7. Nd2 Nxd4 8. cxd4 Bxd4 9. Bxd4 Qxd4 10. Rb1 d6 11. Be2
O-O 12. O-O Be6 13. b3 Ng6 14. Qc2 Nf4 15. Nf3 Nxe2+ 16. Qxe2
Qf6 17. e5 dxe5 18. Nxe5 Rfe8 19. Nd3 Bxb3 20. Qd2 Be6
21. Rxb7 Red8 22. Qe3 Qg6 23. Nf4 Qg5 24. Rxc7 Bxa2 25. Re1 h6
26. Kh1 Qa5 27. h3 Qxc7 28. Ra1 Be6 29. Rc1 Qd7 30. Kh2 Qd2
31. Qxd2 Rxd2 32. f3 a5 33. Ra1 a4 34. Kg1 a3 35. Kf1 a2
36. Kg1 Rb2 37. Kh2 Rb1 38. Rxb1 axb1=Q 39. h4 Qf5 40. Nh3 Ra2
41. Ng1 Qh5 42. Nh3 Qxh4 43. Kg1 Qg3 44. Nf2 Ra1+ 45. Nd1
Rxd1# 0-1

[Event "FIDE Online Olympiad"]
[Site "Chess.com"]
[Date "2020.07.27"]
[EventDate "2020.07.25"]
[Round "8"]
[Result "0-1"]
[White "Aarti Sewak"]
[Black "Laet Nandar Su"]
[WhiteElo "1412"]
[BlackElo "1768"]
[PlyCount "94"]

1. Nf3 d6 2. d4 f5 3. Nbd2 Nf6 4. c3 e6 5. Qb3 h6 6. e3 Be7
7. h3 Ne4 8. Bd3 d5 9. Ne5 O-O 10. Ndf3 Bf6 11. g4 Bxe5
12. Nxe5 Qf6 13. Bxe4 fxe4 14. Qc2 Nd7 15. g5 Qxg5 16. Ng4 h5
17. Ne5 Nxe5 18. dxe5 Qxe5 19. Qe2 b6 20. Bd2 a5 21. a3 Ba6
22. Qd1 Qf5 23. Rh2 Qg5 24. c4 Bxc4 25. Bc1 Qg1+ 26. Kd2 Qxh2
27. Kc3 Rxf2 28. b3 Qe5+ 29. Qd4 Qxd4+ 30. Kxd4 Bxb3 31. a4
Rh2 32. Ba3 Rxh3 33. Rc1 c5+ 34. Ke5 Kf7 35. Rf1+ Rf3 36. Rg1
Rf5+ 37. Kd6 h4 38. Kc6 h3 39. Bb2 e5 40. Rh1 d4 41. exd4 exd4
42. Rxh3 e3 43. Rh1 Rf6+ 44. Kb5 e2 45. Re1 Re8 46. Ka6 Rf1
47. Rxe2 Rxe2 0-1

[Event "FIDE Online Olympiad"]
[Site "Chess.com"]
[Date "2020.07.27"]
[EventDate "2020.07.25"]
[Round "8"]
[Result "0-1"]
[White "Tanvi Prasad"]
[Black "Thu Aung Moe"]
[WhiteElo "1307"]
[BlackElo "1164"]
[PlyCount "80"]

1. d4 d5 2. c4 c6 3. Nc3 Nf6 4. Bg5 e6 5. Nf3 h6 6. Bh4 Be7
7. e3 b6 8. a3 Bb7 9. Bd3 Nbd7 10. O-O O-O 11. Bc2 dxc4 12. b3
cxb3 13. Bxb3 c5 14. Qd3 cxd4 15. Nxd4 Nc5 16. Qc2 Nfe4
17. Nxe4 Bxe4 18. Qc3 Bxh4 19. f3 Bg6 20. g3 Bf6 21. Ba2 Rc8
22. Qd2 Nd3 23. Bb1 Bxd4 24. exd4 Qxd4+ 25. Kg2 Qxa1 26. Bxd3
Qd4 27. Rd1 Rfd8 28. Ba6 Qxd2+ 29. Rxd2 Rxd2+ 30. Kh3 Rcc2
31. g4 Rxh2+ 32. Kg3 e5 33. f4 exf4+ 34. Kxf4 Bh7 35. Bb7 Rce2
36. Kf3 Rhf2+ 37. Kg3 g5 38. Kh3 f5 39. a4 Re3+ 40. Bf3 Rexf3#
0-1

[Event "FIDE Online Olympiad"]
[Site "Chess.com"]
[Date "2020.07.27"]
[EventDate "2020.07.25"]
[Round "8"]
[Result "0-1"]
[White "Azeem Makhdoomi Yousuf"]
[Black "Soon Wei Yee"]
[WhiteElo "1779"]
[BlackElo "2245"]
[PlyCount "68"]

1. c4 Nf6 2. d3 g6 3. Nf3 Bg7 4. e3 c5 5. Be2 Nc6 6. O-O O-O
7. Nbd2 d5 8. cxd5 Nxd5 9. a3 b6 10. Qc2 Bb7 11. Nb1 Rc8
12. Nc3 Nd4 13. Qd1 Nxc3 14. bxc3 Nxe2+ 15. Qxe2 Bxc3 16. Rb1
Qd6 17. Rd1 Rfd8 18. Bb2 Bxb2 19. Qxb2 c4 20. Ne1 c3 21. Qc2
Qc6 22. Rdc1 Rd7 23. Rb4 b5 24. a4 a6 25. Rcb1 Rd5 26. e4 Rc5
27. d4 Rc4 28. axb5 axb5 29. d5 Qd6 30. Rxb5 Ba8 31. f3 Qf4
32. Rd1 Qe3+ 33. Kh1 Rd4 34. Rxd4 Qxe1# 0-1

[Event "FIDE Online Olympiad"]
[Site "Chess.com"]
[Date "2020.07.27"]
[EventDate "2020.07.25"]
[Round "8"]
[Result "0-1"]
[White "Ahmed Tasneem"]
[Black "Azahari Siti Nur Fatanah Hj"]
[WhiteElo "1417"]
[BlackElo "1898"]
[PlyCount "30"]

1. e4 e5 2. Nf3 Nc6 3. a3 Nf6 4. Nc3 d5 5. exd5 Nxd5 6. Ne4 f5
7. Ng3 e4 8. Qe2 Qe7 9. Ng1 Be6 10. c4 Nd4 11. Qd1 Nf4
12. Qa4+ Bd7 13. Qd1 Nf3+ 14. gxf3 exf3+ 15. N3e2 Nd3# 0-1

[Event "FIDE Online Olympiad"]
[Site "Chess.com"]
[Date "2020.07.27"]
[EventDate "2020.07.25"]
[Round "9"]
[Result "0-1"]
[White "Salim Al Amri Salim Mohammed"]
[Black "Myint Han"]
[WhiteElo "2032"]
[BlackElo "2225"]
[PlyCount "88"]

1. e4 c5 2. Nf3 e6 3. d4 cxd4 4. Nxd4 a6 5. Nc3 Qc7 6. Be2 b5
7. a3 Bb7 8. O-O Nf6 9. Qd3 d6 10. f4 Nbd7 11. Bf3 Be7 12. Kh1
O-O 13. Bd2 Rfe8 14. Rae1 Bf8 15. Qe3 Rac8 16. g4 Nb6 17. g5
Nfd7 18. Qf2 Nc4 19. Bc1 g6 20. h4 Bg7 21. h5 e5 22. hxg6 hxg6
23. f5 exd4 24. fxg6 fxg6 25. Bg4 Nde5 26. Bxc8 Qxc8 27. Nd5
Bxd5 28. exd5 Qh3+ 29. Qh2 Qxh2+ 30. Kxh2 Ng4+ 31. Kg3 Nge3
32. Bxe3 Nxe3 33. Kh3 Re5 34. Rf3 Nxc2 35. Rxe5 Bxe5 36. Rd3
Ne3 37. b3 Nxd5 38. a4 Nf4+ 39. Kg4 Nxd3 40. Kf3 Nc5 41. Ke2
Nxb3 42. axb5 axb5 43. Kd3 Nc5+ 44. Kd2 Kf7 0-1

[Event "FIDE Online Olympiad"]
[Site "Chess.com"]
[Date "2020.07.27"]
[EventDate "2020.07.25"]
[Round "9"]
[Result "0-1"]
[White "Wafia Al Ghafri"]
[Black "Hsu Lwin May"]
[WhiteElo "1495"]
[BlackElo "1987"]
[PlyCount "72"]

1. d4 d5 2. c4 e6 3. Nc3 Nf6 4. Nf3 a6 5. cxd5 exd5 6. Bg5 Be7
7. e3 O-O 8. Bd3 c6 9. O-O Bg4 10. h3 Bh5 11. Be2 Nbd7 12. Rc1
Ne4 13. Bxe7 Qxe7 14. Nxe4 dxe4 15. Nd2 Bg6 16. Qb3 Nf6
17. Rc5 Rad8 18. Re5 Qc7 19. Rc1 Nd7 20. Re7 Qd6 21. Rxe4 Bxe4
22. Nxe4 Qb8 23. Qd3 h6 24. Rc3 f5 25. Ng3 g6 26. Qc4+ Kg7
27. Bd3 Nb6 28. Qe6 Rde8 29. Qb3 Nd5 30. Rc5 Re7 31. Qc2 f4
32. Ne4 fxe3 33. fxe3 Nxe3 34. Qc1 Qf4 35. Nd2 Qf2+ 36. Kh1
Qxg2# 0-1

[Event "FIDE Online Olympiad"]
[Site "Chess.com"]
[Date "2020.07.27"]
[EventDate "2020.07.25"]
[Round "9"]
[Result "0-1"]
[White "Hamood Al Busaidi"]
[Black "Han Thiha Sai"]
[WhiteElo "1371"]
[BlackElo "1768"]
[PlyCount "64"]

1. e4 c5 2. Nf3 d6 3. g3 Nc6 4. Bg2 g6 5. O-O Bg7 6. d3 e5
7. Nc3 Nge7 8. a4 O-O 9. Nd2 f5 10. f4 Be6 11. Nf3 h6 12. Be3
Nd4 13. Qd2 Kh7 14. Rae1 Qd7 15. b3 Rae8 16. Rf2 a6 17. Bxd4
cxd4 18. Nb1 fxe4 19. dxe4 b5 20. axb5 axb5 21. Na3 Ra8
22. Nb1 Ra2 23. Nh4 Bxb3 24. Qd3 Bc4 25. Qd2 d3 26. Qc3 exf4
27. Qb4 Rb2 28. Qa5 Bd4 29. Nf3 Bxf2+ 30. Kxf2 dxc2 31. Qa3
cxb1=Q+ 32. Qxb2 Qxb2+ 0-1

[Event "FIDE Online Olympiad"]
[Site "Chess.com"]
[Date "2020.07.27"]
[EventDate "2020.07.25"]
[Round "9"]
[Result "0-1"]
[White "Manoj Kumar"]
[Black "Aliuddin Azahari"]
[WhiteElo "1968"]
[BlackElo "2059"]
[PlyCount "103"]

1. d4 Nf6 2. Nf3 g6 3. g3 Bg7 4. Bg2 O-O 5. O-O c5 6. c3 cxd4
7. cxd4 d5 8. Nc3 Nc6 9. h3 a6 10. a3 h6 11. b4 b5 12. Be3 Be6
13. Qb3 Qd7 14. Kh2 Rfc8 15. Rfc1 Ne8 16. a4 Qb7 17. axb5 axb5
18. Qb2 Nd6 19. Rxa8 Rxa8 20. Qb1 Nc4 21. Rd1 Ra3 22. Na2 Qa6
23. Nc1 Ra4 24. Nd3 Ra2 25. Nc5 Qa8 26. Nxe6 fxe6 27. Bf4 Qe8
28. Be5 Ra4 29. Bxg7 Kxg7 30. e4 Rxb4 31. Qd3 Nb2 32. Qd2 Nxd1
33. Qxd1 dxe4 34. Nd2 Rxd4 35. Qc2 Rd8 36. Nxe4 Nd4 37. Qc5
Qd7 38. Qe5+ Kh7 39. Qf4 Nf5 40. g4 Nd6 41. Qe5 Nxe4 42. Qxe4
Qd6+ 43. Kg1 Rf8 44. Bf1 Qd5 45. Qe3 e5 46. Bg2 Qd4 47. Qb3
Rxf2 48. Kh1 Qa1+ 49. Kh2 Qf1 50. Qd5 Qxg2+ 51. Qxg2 Rxg2+
52. Kxg2 0-1

[Event "FIDE Online Olympiad"]
[Site "Chess.com"]
[Date "2020.07.27"]
[EventDate "2020.07.25"]
[Round "9"]
[Result "0-1"]
[White "Rudr Prasad"]
[Black "Abdul Zahirul Zazali"]
[WhiteElo "1526"]
[BlackElo "1695"]
[PlyCount "126"]

1. e4 e5 2. Nf3 Nc6 3. Bb5 a6 4. Ba4 Nf6 5. O-O Be7 6. Re1 d6
7. c3 O-O 8. d4 exd4 9. cxd4 Bg4 10. h3 Bxf3 11. gxf3 b5
12. Bc2 Nb4 13. Bb3 c5 14. d5 c4 15. Bc2 Nxc2 16. Qxc2 Nd7
17. f4 Rc8 18. Be3 Bf6 19. Kh2 Re8 20. Rg1 Nc5 21. f3 c3
22. Nxc3 Na4 23. Qg2 Nxc3 24. bxc3 Rxc3 25. Bd2 Rc2 26. Rad1
g6 27. Qg3 Bc3 28. Rg2 b4 29. Bxc3 Rxc3 30. Re2 f6 31. Rdd2
Qc7 32. e5 dxe5 33. fxe5 Rxe5 34. Rxe5 Qxe5 35. Qxe5 fxe5
36. d6 Rc8 37. Kg3 Kf7 38. Kg4 h6 39. h4 Rc4+ 40. Kg3 Rc8
41. h5 g5 42. d7 Rd8 43. Kg4 Ke6 44. Rd1 a5 45. Rd2 Rxd7
46. Rxd7 Kxd7 47. Kf5 a4 48. Kg6 b3 49. axb3 axb3 50. Kxh6 b2
51. Kg7 b1=Q 52. h6 e4 53. h7 Qb2+ 54. Kg8 exf3 55. h8=Q Qxh8+
56. Kf7 Qe8+ 57. Kf6 Qe6+ 58. Kxg5 f2 59. Kf4 f1=Q+ 60. Kg5
Qef5+ 61. Kh6 Q1h3+ 62. Kg7 Qhg4+ 63. Kh6 Qfh5# 0-1

[Event "FIDE Online Olympiad"]
[Site "Chess.com"]
[Date "2020.07.27"]
[EventDate "2020.07.25"]
[Round "7"]
[Result "0-1"]
[White "Al-Ghasra, Ali"]
[Black "Mohamad Firdaus Erfan"]
[WhiteElo "2003"]
[BlackElo "1241"]
[PlyCount "74"]

1. d4  1... d5  2. c4  2...
c6  3. Nc3  3... Nf6  4.
Nf3  4... e6  5. e3  5... g6
 6. Bd3  6... Bg7  7. O-O
 7... O-O  8. b3  8... b6
 9. Ba3  9... Re8  10. Ne5
 10... Bb7  11. f4  11...
Nbd7  12. Rc1  12... Rc8 
13. Qf3  13... c5  14. Nb5  14... Rb8  15. Nd6  15... Rf8
 16. Nxb7  16... Rxb7  17.
Nxd7  17... Nxd7  18. cxd5  18... exd5  19. Qxd5  19... Rc7
 20. Bb5  20... Qe7  21.
Qf3  21... Nf6  22. dxc5 
22... bxc5  23. Rc4  23... Rd8  24. Rfc1  24... Rd5  25. e4
 25... Rh5  26. e5  26...
Nd7  27. Qa8+  27... Bf8 
28. Bxd7  28... Qxd7  29. Bxc5  29... Rc8  30. Qe4  30... f5
 31. Qd4  31... Bxc5  32.
Qxc5  32... Rxc5  33. Rxc5  33... Qd4+  34. Kh1  34... Qxf4
 35. h3  35... Qe4  36.
R1c2  36... Rxh3+  37. Kg1  37... Qe1#   0-1

[Event "FIDE Online Olympiad"]
[Site "Chess.com"]
[Date "2020.07.27"]
[EventDate "2020.07.25"]
[Round "7"]
[Result "0-1"]
[White "Rania Alsalti"]
[Black "Al-Khelaifi, Aisha"]
[WhiteElo "1287"]
[BlackElo "1678"]
[PlyCount "68"]

1. d4  1... d5  2. Nc3 
2... Nf6  3. Bg5  3... e6 
4. e3  4... Be7  5. Bd3 
5... h6  6. Bxf6  6... Bxf6 
7. Nf3  7... O-O  8. e4 
8... dxe4  9. Nxe4  9... Bxd4 
10. c3  10... Bb6  11. O-O  11... Nd7  12. b4  12... Nf6
 13. Nxf6+  13... Qxf6 
14. Qd2  14... Re8  15. a4 
15... c6  16. a5  16... Bc7 
17. Rae1  17... e5  18. c4  18... Bg4  19. Be4  19... Rad8
 20. Qe3  20... a6  21. h3
 21... Bh5  22. g4  22...
Bg6  23. h4  23... Bxe4 
24. Qxe4  24... Qg6  25. h5 
25... Qxe4  26. Rxe4  26... Rd3  27. Kg2  27... f6  28. Ne1
 28... Rd4  29. Rxd4 
29... exd4  30. Nf3  30... Re4  31. Re1  31... Rxg4+  32. Kh3
 32... Rf4  33. Re8+  33...
Kf7  34. Nh4  34... Kxe8 
 0-1

[Event "FIDE Online Olympiad"]
[Site "Chess.com"]
[Date "2020.07.27"]
[EventDate "2020.07.25"]
[Round "7"]
[Result "0-1"]
[White "Jeremie Derain"]
[Black "Fadi Eid"]
[WhiteElo "1781"]
[BlackElo "2337"]
[PlyCount "74"]

1. e4  1... Nc6  2. Nf3 
2... d6  3. d4  3... Nf6 
4. Nc3  4... Bg4  5. Be2 
5... e5  6. dxe5  6... dxe5  7. Qxd8+  7... Rxd8  8. O-O
 8... Bb4  9. Bg5  9...
Bxc3  10. Bxf6  10... gxf6  11. bxc3  11... Bxf3  12. gxf3
 12... Ke7  13. Rad1 
13... Rd6  14. Rxd6  14... cxd6  15. Rb1  15... b6  16. Bc4  16... Na5  17. Bd5  17... Rc8
 18. c4  18... Nxc4  19.
Rb4  19... Nd2  20. c4 
20... Nxf3+  21. Kg2  21... Nh4+  22. Kg3  22... Ng6  23. a4
 23... Rc5  24. Rb3  24...
Nf4  25. Rb5  25... Nxd5 
26. cxd5  26... Rc4  27. a5  27... Rc5  28. Rxc5  28... bxc5
 29. h4  29... Kf8  30. h5
 30... Kg7  31. Kf3  31...
Kh6  32. Kg4  32... a6  33.
f4  33... c4  34. fxe5 
34... fxe5  35. Kf3  35... Kxh5  36. Ke3  36... Kg4  37. Kd2
 37... Kf4   0-1

[Event "FIDE Online Olympiad"]
[Site "Chess.com"]
[Date "2020.07.27"]
[EventDate "2020.07.25"]
[Round "7"]
[Result "0-1"]
[White "Jallah Jacob"]
[Black "Bakary Traore"]
[WhiteElo "1902"]
[BlackElo "2145"]
[PlyCount "58"]

1. c4  1... Nf6  2. g3 
2... g6  3. Bg2  3... Bg7 
4. Nc3  4... O-O  5. Nf3 
5... d6  6. d4  6... Nbd7 
7. O-O  7... e5  8. d5 
8... Nc5  9. Re1  9... Nfe4 
10. Nxe4  10... Nxe4  11. Nd2  11... Ng5  12. Ne4  12... Nxe4
 13. Bxe4  13... f5  14.
Bg2  14... f4  15. e4 
15... h5  16. Rf1  16... Bd7  17. f3  17... Kh7  18. Bd2
 18... Bh6  19. Kh1  19...
fxg3  20. Bxh6  20... Qh4 
21. Bh3  21... Qxh3  22. Qd2  22... g2+  23. Qxg2  23... Kxh6
 24. Qd2+  24... Rf4  25.
Rf2  25... Kh7  26. Rg1 
26... Rxf3  27. Qg5  27... Bg4  28. Rg3  28... Rxf2  29. Rxh3
 29... Bxh3   0-1

[Event "FIDE Online Olympiad"]
[Site "Chess.com"]
[Date "2020.07.27"]
[EventDate "2020.07.25"]
[Round "8"]
[Result "0-1"]
[White "Husain Ayyad"]
[Black "Bongo Akanga Ndjila, Barthelemy"]
[WhiteElo "2249"]
[BlackElo "1887"]
[PlyCount "72"]

1. e4  1... d6  2. d4  2...
Nf6  3. Nc3  3... c6  4.
a4  4... Qa5  5. Bd2  5...
e5  6. Nf3  6... Qc7  7.
Bc4  7... Be7  8. O-O 
8... O-O  9. h3  9... Nbd7  10. a5  10... b5  11. axb6
 11... Nxb6  12. Ba6 
12... Be6  13. Qe2  13... Rae8  14. dxe5  14... dxe5  15. Ng5
 15... Bc5  16. Nxe6 
16... Rxe6  17. Be3  17... Bxe3  18. Qxe3  18... Nh5  19. g3
 19... Rg6  20. Be2  20...
Nf4  21. Kh2  21... Nxe2 
22. Qxe2  22... f5  23. Ra5  23... f4  24. g4  24... f3
 25. Qa6  25... Rf7  26.
Nd1  26... h5  27. Ne3 
27... hxg4  28. hxg4  28... Qe7  29. Rh1  29... Rxg4  30. Nxg4
 30... Qh4+  31. Kg1  31...
Qxg4+  32. Kf1  32... Qg2+  33. Ke1  33... Qxh1+  34. Kd2
 34... Qg1  35. Rxe5  35...
Qxf2+  36. Kc3  36... Qe3+   0-1